Ferrocement boat design, analysis and development (Record no. 551219)
[ view plain ]
| 000 -LEADER | |
|---|---|
| fixed length control field | 00409nam a22001457a 4500 |
| 082 ## - DEWEY DECIMAL CLASSIFICATION NUMBER | |
| Classification number | P-290 |
| Author Mark | P-290 |
| 100 ## - MAIN ENTRY--PERSONAL NAME | |
| Personal name | Wasif Bashir, syndicate no 4 |
| 9 (RLIN) | 48212 |
| 245 ## - TITLE STATEMENT | |
| Title | Ferrocement boat design, analysis and development |
| Statement of responsibility, etc. | Wasif Bashir, Farrukh Zubair |
| 260 ## - PUBLICATION, DISTRIBUTION, ETC. | |
| Date of publication, distribution, etc. | 2006 |
| 300 ## - PHYSICAL DESCRIPTION | |
| Extent | Various paging |
| 526 ## - STUDY PROGRAM INFORMATION NOTE | |
| Program name | 0 |
| Interest level | 0 |
| Reading level | 0 |
| Title point value | P_290_P290 |
| 650 ## - SUBJECT ADDED ENTRY--TOPICAL TERM | |
| Topical term or geographic name entry element | Project |
| 700 ## - ADDED ENTRY--PERSONAL NAME | |
| Personal name | Lec Sardar Khan |
| 9 (RLIN) | 48213 |
| 942 ## - ADDED ENTRY ELEMENTS (KOHA) | |
| Source of classification or shelving scheme | |
| Koha item type | Book |
| Withdrawn status | Lost status | Source of classification or shelving scheme | Damaged status | Not for loan | Permanent Location | Current Location | Date acquired | Total Checkouts | Full call number | Barcode | Date last seen | Date last checked out | Price effective from | Koha item type | Public note |
|---|---|---|---|---|---|---|---|---|---|---|---|---|---|---|---|
| Military College of Engineering (MCE) | Military College of Engineering (MCE) | 12/04/2014 | 1 | P-290 P-290 | MCE-P-290 | 03/26/2015 | 03/26/2015 | 12/04/2014 | Book | Project |
